Project video 1 : video guide /

Introduction. Using video. An introduction to project work. Lesson notes.

Guardat en:
Dades bibliogràfiques
Autor principal: Hutchinson, Tom.
Format: Llibre
Idioma:English
Publicat: Oxford : Oxford University Press, 1989.
Matèries:
Etiquetes: Afegir etiqueta
Sense etiquetes, Sigues el primer a etiquetar aquest registre!
Thư viện lưu trữ: Mạng thư viện Đại học Đà Nẵng
LEADER 00924cam a2200325 i 4500
001 000047656
003 7347
005 20030313142934.0
008 010326|1989 vm 000 eng
020 |a 0194584143 
040 |a IRC  |c IRC  |d IRC 
041 0 |a eng 
082 1 4 |a 428.6  |b HU-T 
100 1 |a Hutchinson, Tom. 
245 0 0 |a Project video 1 :  |b video guide /  |c written and presented by Tom Hutchinson. 
260 |a Oxford :  |b Oxford University Press,  |c 1989. 
300 |a 36 p. ;  |c 27.5cm. 
520 3 |a Introduction. Using video. An introduction to project work. Lesson notes. 
630 0 4 |a English language. 
650 0 4 |a English language  |x Study and teaching (Elementary) 
OWN |a DUT 
999 |a From the UDN01 
TYP |a Monograph 
TYP |a Printed language 
980 |a Mạng thư viện Đại học Đà Nẵng